000 01222nam a2200277 u 4500
001 000024913
005 20200930023439.0
008 110208s1989 dr r 000 0 spa d
040 _aDO-SdBNP
_bspa
_cBNPHU
082 _a949.2
_bF828d
100 1 _aFrank, Ana
_951149
245 1 0 _aDiario de Ana Frank /
_cAna Frank.
260 _aSanto Domingo :
_bAlfa & Omega,
_c1989.
300 _a314 p. ;
_c19 cm.
490 1 _aInmortales de la literatura
520 _aEste es diario de una niña judía, quien sufrió la persecución de los nazis alemanes. Ana y otras siete personas vivieron escondidas durante dos años temiendo que la Gestapo los descubriera. Durante todo este tiempo, la pequeña Ana llevó un diario. En sus páginas plasmó todas sus vivencias y sus más íntimos secretos
590 _aInventariado, 2020/MFF32552
600 1 4 _aFRANK, ANNE,
_d1929-1945
_951150
650 4 _aDiarios íntimos
_913686
650 4 _aPersecuciones de los judios
_951151
650 4 _aHolocausto judio
_y1939-1945
_98873
651 4 _aHolanda
_xHistoria
_y1940-1945
_951152
651 4 _aAlemania
_xRelaciones Étniicas
_951153
830 0 _aInmortales de la literatura
_951154
910 _aValidado. Control de calidad MFF
999 _c24406
_d24406